Statystyki dla Marki samochodów

Kliknij tutaj aby rozwiązać quiz!

Ogólne statystyki

  • Ten quiz został rozwiązany 178 razy
  • Średni wynik to 13 z 16

Statystyki odpowiedzi

Odpowiedź% Poprawnych
BMW
99%
Skoda
96%
Honda
95%
Lamborghini
95%
Nissan
95%
Jeep
94%
Volvo
91%
Tesla
86%
Kia
85%
Bugatti
84%
Fiat
84%
Mercedes
83%
Mclaren
70%
Smart
66%
Jaguar
56%
Ferrari
44%

Rozkład punktacji

Percentyl według liczby udzielonych odpowiedzi

Procent ludzi z każdym wynikiem

Twoja historia wyników

Nie rozwiązałeś tego quizu